| 000 | 00354cam a2200145ua 4500 | ||
|---|---|---|---|
| 041 |
_aeng _h |
||
| 082 |
_a336 _bBHA/IN |
||
| 100 | _aBhargava, R.N . | ||
| 245 |
_aIndian public finaces / _cBhargava. _hTextual Documents |
||
| 260 |
_a : _bGeorge Allen & Unwin Ltd , _c1962. |
||
| 300 |
_a263 ; _e`. |
||
| 504 | _a | ||
| 942 | _cBK | ||
| 999 |
_c11901 _d11901 |
||